|
|
|
|
| LEADER |
00795cam a2200241 a 4500 |
| 001 |
0000141628 |
| 005 |
20141218090000.0 |
| 040 |
|
|
|a mod
|
| 041 |
|
|
|a eng
|
| 020 |
0 |
0 |
|a 9780143121213
|
| 090 |
0 |
0 |
|a F
|b MAZ
|e 2013
|
| 100 |
1 |
0 |
|a Mazzantini
|h Margaret
|
| 245 |
1 |
0 |
|a Twice born
|c Margaret Mazzantini
|f translated by Ann Gagliardi
|
| 260 |
0 |
0 |
|a New York
|b Penguin Books
|c 2013
|
| 300 |
0 |
0 |
|a 447 p.
|c 22 cm
|
| 500 |
0 |
0 |
|a Translated from the Italian
|
| 650 |
0 |
0 |
|a Bosnians
|x Fiction
|
| 650 |
0 |
0 |
|a Mothers and sons
|z Bosnia and Hercegovina
|z Sarajevo
|x Fiction
|
| 650 |
0 |
0 |
|a Families
|z Bosnia and Hercegovina
|z Sarajevo
|x Fiction
|
| 650 |
0 |
0 |
|a War
|x Psychological aspects
|x Fiction
|
| 700 |
1 |
1 |
|a Gagliardi
|h Ann
|
| 852 |
0 |
0 |
|a 01
|
| 999 |
|
|
|a 0297944
|b KEMENTAH
|d BOOKS
|e Fiksyen (F)
|f Perpustakaan KEMENTAH
|j AVAILABLE
|q GOOD CONDITION
|